5HLuxD.jpg

KING HENRY VIII SENIOR AND PRIMARY SCHOOL LIBRARY OPAC

100 FACTS WORLD WONDERS (Record no. 4412)

000 -LEADER
fixed length control field 00254nam a22001097a 4500
008 - FIXED-LENGTH DATA ELEMENTS--GENERAL INFORMATION
fixed length control field 250217b ||||| |||| 00| 0 eng d
020 ## - INTERNATIONAL STANDARD BOOK NUMBER
International Standard Book Number 9781789893892
082 ## - DEWEY DECIMAL CLASSIFICATION NUMBER
Classification number 032
100 ## - MAIN ENTRY--PERSONAL NAME
Personal name ADAM HIBBERT
Relator term AUTHOR
245 ## - TITLE STATEMENT
Title 100 FACTS WORLD WONDERS
942 ## - ADDED ENTRY ELEMENTS (KOHA)
Source of classification or shelving scheme
Holdings
Withdrawn status Lost status Source of classification or shelving scheme Damaged status Not for loan Collection code Permanent Location Current Location Shelving location Date acquired Total Checkouts Total Renewals Full call number Barcode Date last seen Date last checked out Price effective from Koha item type Public note
          Non-Fiction KH8 Primary School Library KH8 Primary School Library Non Fiction 2025-02-17 8 1 032 HIB KHPL000006167 2026-03-02 2026-02-23 2025-02-17 Books - Non Ficton KHPL000006145

Powered By KH8 IT Dept